| 000 | 00553nam a2200205 i 4500 | ||
|---|---|---|---|
| 001 | 104435 | ||
| 003 | ES-MaACL | ||
| 005 | 20240505063025.0 | ||
| 007 | t| | ||
| 008 | 051130s1956 sp ||||1| spa d | ||
| 100 | 1 |
_aMillán, Rafael. _981137 |
|
| 245 | 1 | 0 |
_aDe la niebla / _cRafael Millán. |
| 260 |
_aMadrid : _bAgora, _c1956. |
||
| 300 |
_a76 p. ; _c17 cm. |
||
| 490 | 1 |
_aColección Ágora ; _v10 |
|
| 830 | 0 |
_aColección Ágora ; _v10 _9180771 |
|
| 852 |
_aES-MaACL _j1992-F-11 _bR.38683 |
||
| 942 | _2udc | ||
| 999 |
_c104435 _d104435 |
||